Dilthey /

Guardat en:
Dades bibliogràfiques
Autor principal: Dilthey, Wilhelm (autor)
Altres autors: Fernández, Coroliano (selección) (selección)
Format: Llibre
Idioma:espanyol
Publicat: Buenos Aires, Argentina, Centro Editor de América Latina, 1967, c1967
Etiquetes: Afegir etiqueta
Sense etiquetes, Sigues el primer a etiquetar aquest registre!

MARC

LEADER 00000nam^a2200000^a^4500
001 000449445
005 20250521000000.0
009 20260310123723.388
037 |a Acervo Xavier Clavigero 
041 |a ESP 
091 |a FCA. 02863 
100 |a Dilthey, Wilhelm  |e (autor) 
245 1 0 |a Dilthey / 
264 4 |a Buenos Aires, Argentina,  |b Centro Editor de América Latina,  |c 1967, c1967 
300 |a 115 p. 
336 |a texto  |b txt  |2 rdacontenido 
337 |a sin mediación  |b n  |2 rdamedio 
338 |a volumen  |b nc  |2 rdasoporte 
649 |a XX 
700 |a Fernández, Coroliano  |e (selección) 
910 |a Fondo Xavier Cacho Vázquez S.J. 
920 |a Impresos - Libros 
930 |a Fondos Especiales 
905 |a 131 
901 |a 0500325428  |b IT2  |c ESP  |i D6328  |u 20250521 
902 |a https://opac.biblio.iteso.mx/vufind/Record/000449445